[Event "E Online Steinitz Memorial"]
[Site "FIDE"]
[Date "2020.05.15"]
[Round "1.5"]
[White "Carlsen, Magnus"]
[Black "Svidler, Peter"]
[Result "1/2-1/2"]
[WhiteElo "2887"]
[BlackElo "2754"]
[EventDate "2020.??.??"]
[Annotator "Bojkov,Dejan"]
[PlyCount "116"]
[Beauty "5225096163865"]
[EventType "simul"]
[EventRounds "2"]
[EventCountry "FID"]

1.c3 e5 2.c4 ( {The reversed version of the Caro-Kann can appear on board after:} 2.d4 exd4 3.cxd4 d5 4.Nc3 c6 5.Bf4 Bd6 6.Bxd6 Qxd6 7.e3 Ne7 8.Bd3 Bf5 9.Nge2 {as in Karjakin,S (2773)-Aronian,L (2767) Saint Louis 2018} ) 2...Nf6 3.Nc3 Bb4 4.h4 {Carlsen apparently insisted on trying this one more time!} ( 4.a3 Bxc3 5.bxc3 O-O 6.Nf3 Nc6 7.g3 d6 8.d3 Bg4 9.Bg2 Re8 10.h3 Qd7 {was Madamombe,A-Hinda,O Port Elizabeth 2016 and here it states that Black won at this point of the game, which sounds highly suspicious to me.} ) 4...O-O 5.e3 c6 {A classical approach by a classical player.} 6.g4 {OK, now it starts to make sense. Carlsen is fighting for the center the way people do it in the Reti opening. And the way another great Scandinavian, Bent Larsen, loved to do with the g-pawn.} 6...d5 {A central break against the g-pawn thrust.} 7.g5 Ne8 ( {Instead} 7...Ne4 $5 {would have been even better. Black needs not to worry about his e4 pawn in the line} 8.Nxe4 dxe4 9.Bg2 f5 10.gxf6 Qxf6 {with such lead in the development Black can afford a weakness or two.} ) 8.a3 Be7 ( {Here too, Svidler had a better alternative:} 8...Bxc3 9.bxc3 Nd6 {In order to fight for the initiative and the light squares it makes sense to give up the bishop pair. But look how far behind Carlsen will be in the development then and how exposed the light squares in his camp will be.} ) 9.cxd5 cxd5 10.d4 {The world champion does not allow d5-d4.} 10...exd4 11.exd4 Nc6 12.Bg2 Nc7 {Very solid play by the Russian GM.} ( {Had this been a slower game he might have chosen the more aggressive} 12...Nd6 13.Nxd5 Nf5 {with a serious initiative for the pawn.} ) 13.Nge2 Bf5 14.Ng3 Be6 15.O-O {The opening was a success for both sides. Svidler has an excellent position with all his pieces out, while Carlsen... managed to castle.} 15...Qd7 ( {This was the last moment in which Black could have underlined the opponent's kingside weaknesses with} 15...f6 $1 16.f4 Bd6 ) 16.Bf4 Rad8 17.Re1 Rfe8 18.Qd3 {From a strategical point of view now everything makes sense for Carlsen. He has pressure against the d5 pawn whereas his opponent is too far away from the alternative weakness on d4. The extra space on the kingside also adds strength to the first player's position. All in all, Svidler has to be careful.} 18...Bd6 {Initiating relieving trades.} 19.Nh5 ( 19.Nge2 {was more accurate, intending to meet} 19...Bg4 {with} 20.Qg3 ( {Or} 20.Bxd6 Qxd6 21.Qg3 {with slight pressure for White.} ) ) 19...Bg4 20.Rxe8+ Rxe8 21.Bxd6 Qxd6 22.Qg3 Qxg3 23.Nxg3 {With the knight on e2 this would not be forced. Now more trades take place.} 23...Nxd4 24.Nxd5 Nxd5 25.Bxd5 Kf8 ( {Svidler was likely afraid of the distant passer in the line} 25...Bf3 26.Bxf3 Nxf3+ 27.Kf1 Nxh4 28.Rd1 Nf3 29.Rd7 Nxg5 30.Rxb7 Ra8 {but a pawn is a pawn and here Black should not be in any trouble.} ) 26.Bxb7 Rb8 27.Be4 Rxb2 28.Rc1 {Whereas now Black still needs to demonstrate accuracy.} 28...Rb3 ( 28...g6 $5 {in order to limit the enemy pieces made a lot of sense.} ) 29.Rc4 Nf3+ 30.Bxf3 Bxf3 31.Nf5 Ke8 {Panic in the time trouble!} ( 31...Bb7 $1 {would have been better, not fearing} 32.Rd4 f6 {with a likely draw.} ) 32.Rc7 Bd5 33.Nxg7+ {Now Carlsen wins a fat pawn...} 33...Kd8 34.Rc5 Bb7 35.Ra5 {...but then goes astray.} ( 35.Nf5 $1 Rxa3 36.Nd6 Bf3 37.Nxf7+ Ke7 38.Rc7+ Ke6 39.Kh2 {would have promised White serious winning chances, although the excellent bishop might have helped Svidler survive.} ) 35...Rh3 36.Kf1 Rxh4 37.Rxa7 $4 {Everything in accordance with the plan, and... wrong!} 37...Kc7 ( 37...Bf3 $1 {would have checkmated the world champion!} 38.Ke1 Rd4 ) 38.Ra5 h6 {Svidler is still fixated on a draw and misses a second chance. The move in the game trades more pawns and is logical, but the king would have been priority, even in the endgame.} ( 38...Bf3 $1 {was still winning after} 39.Ke1 Rd4 40.Rc5+ Kd7 41.Rc1 Rd5 {when the knight is trapped and Black simply goes with his king to f8 to pick it up.} ) 39.gxh6 Rxh6 40.Rf5 Ba6+ 41.Ke1 Rh3 42.Rxf7+ Kb6 {The limited material saves Black.} 43.f3 Rh1+ ( 43...Bb7 {would have been easier.} ) 44.Kf2 Ra1 45.Rf6+ Ka5 46.Ne6 Rxa3 {And Black survived after} 47.Nd4 Bc4 48.Kg3 Kb4 {Just because Carlsen missed a simple shot too.} 49.Kf4 ( 49.Nc2+ {would have won for the Norwegian.} ) 49...Kc3 50.Ke4 Ra8 51.Nc6 Be2 52.f4 Ra4+ 53.Ke5 Bf3 54.f5 Ra6 55.Nd4 Rxf6 56.Nb5+ Kd2 57.Kxf6 Bg4 58.Ke5 Bxf5 1/2-1/2

[Event "E Online Steinitz Memorial"]
[Site "FIDE"]
[Date "2020.05.17"]
[Round "15.4"]
[White "Carlsen, Magnus"]
[Black "Grischuk, Alexander"]
[Result "1-0"]
[WhiteElo "2887"]
[BlackElo "2765"]
[EventDate "2020.??.??"]
[Annotator "Bojkov,Dejan"]
[PlyCount "93"]
[Beauty "7219709743676"]
[EventType "simul"]
[EventRounds "2"]
[EventCountry "FID"]

1.e4 c5 2.Nf3 d6 3.Bb5+ Nd7 4.c3 Nf6 5.Qe2 a6 6.Ba4 b5 7.Bc2 Bb7 ( {The other plan is connected with the development of the bishop to e7} 7...e5 8.O-O Be7 {which leads to a typical Ruy Lopez position. A recent top GM example:} 9.d4 O-O 10.Rd1 Qc7 11.d5 c4 12.Nbd2 Nc5 13.b3 a5 14.bxc4 bxc4 15.Nf1 {as in Mamedov,R (2645)-Wang,H (2726) Isle of Man 2019} ) 8.O-O g6 {Flexible development by Grischuk. The bishops are ideally placed on the long diagonals.} 9.d4 Bg7 10.b3 $146 {Carlsen has his own way.} ( {An earlier game saw Black doing fine after the sharp} 10.e5 dxe5 11.dxe5 Bxf3 12.gxf3 Nd5 13.e6 N7f6 14.c4 bxc4 15.exf7+ Kxf7 16.Nd2 {Mamedov,R (2701) -Nepomniachtchi,I (2771) Astana 2019} ) 10...O-O 11.Bb2 e5 {Entering the Ruy Lopez territory.} ( {However, Grischuk misses a chance to put the opponent's idea to a test with} 11...Rc8 $1 {Then the normal development of the white pieces is obstructed:} 12.Nbd2 $6 ( {Whereas a more cautious move like} 12.Bd3 {would not pose Black any problems after} 12...cxd4 13.cxd4 e5 14.dxe5 dxe5 {as the pawn is immune:} 15.Nxe5 $4 Nh5 $1 {loses material for White.} ) 12...cxd4 13.Nxd4 e5 14.N4f3 d5 $1 {takes over the initiative for Black.} ) 12.d5 {The slow development tells again, and Carlsen blocks the center to avoid the opening of the position.} 12...Nh5 13.g3 Nb6 {Not in the right direction.} ( {More to the point is the immediate} 13...f5 14.Nbd2 Ndf6 {with double-edged but pleasant play for the second player as he will soon bring his bishop to the c8-h3 diagonal.} ) 14.a4 f5 ( {The computer suggestion} 14...bxa4 15.bxa4 a5 16.c4 ( 16.Na3 $5 ) 16...Bc8 {only shows that the black knight on b6 is out of business.} ) 15.c4 bxc4 16.bxc4 f4 {A signal for the kingside assault.} ( {It is a bit late for} 16...Bc8 17.a5 $1 fxe4 18.Nfd2 e3 19.Qxe3 Nd7 20.Ne4 {and thanks to the control of the vital e4-pawn, White is significantly better.} ) 17.a5 ( {More accurate is the preliminary} 17.g4 Nf6 18.a5 ) 17...Nd7 ( {Grischuk could have used the inaccuracy to open the f-file for his pieces with} 17...fxg3 {as} 18.axb6 $2 Nf4 19.Qd1 g2 20.Re1 Nh3+ 21.Kxg2 Qd7 {more than compensates Black for the sacrificed piece.} ) 18.g4 $1 {Black's attack is over before it even starts.} 18...Nhf6 19.g5 Nh5 20.Kh1 Rf7 21.Nbd2 h6 {Black is impatient to open the kingside, but this only pours gasoline onto the fire.} ( {A more patient approach should have been preferred:} 21...Bc8 22.Rg1 Rb8 23.Bc3 Nf8 {Although White is much better here as well after something solid like} 24.Qf1 $5 ) 22.Rg1 Nf8 ( {Since} 22...hxg5 {only brings the white pieces closer to the black king:} 23.Nxg5 {followed by Ng5-e6 with an attack.} ( {Or} 23.Rxg5 Nf8 24.Rag1 {which is also good for White.} ) ) 23.gxh6 Bxh6 24.Nxe5 $1 {Most likely missed by Grischuk. Black's position collapses.} 24...f3 {The only chance is related to tactics, but Carlsen is precise.} ( {Or} 24...dxe5 25.Qxh5 ) 25.Nxf7 {Apparently this was what the world champion intended when he sacrificed the piece.} ( {Although a more beautiful win would have been} 25.Nxg6 fxe2 26.Ne7+ Kh7 27.e5+ Ng6 28.Bxg6+ Kg7 29.Bxh5+ Kf8 30.Ng6+ Ke8 31.Ne4 {when Black lacks good advice.} ) 25...fxe2 26.Nxd8 Rxd8 ( {The more resilient} 26...Bxd2 27.Nxb7 Rb8 28.Bc1 e1=Q 29.Rxe1 Bxe1 30.Nxd6 Bxf2 {would not have saved Grischuk either.} ) 27.Nf3 Bc8 28.Rae1 Nf4 29.Bc1 {The forcing play is over, and Carlsen collects his bonuses.} 29...Kf7 30.Ng5+ Bxg5 31.Rxg5 Nh3 32.Rg3 Nxf2+ 33.Kg2 Ng4 34.Bb2 Re8 35.Rxe2 Ne5 36.Rf2+ Kg7 37.Rgf3 Nd7 38.Ba4 {The pins force further trades.} 38...Kh6 39.Rh3+ Kg7 40.Bxd7 Bxd7 41.Rhf3 Kh6 42.Bxe5 Rxe5 43.Rf4 Ba4 44.Rb2 Kh5 45.Rb8 {Finally, the rooks mate.} 45...g5 46.Rf6 Rxe4 47.Rh8+ 1-0

[Event "Lindores Abbey Rapid Challenge"]
[Site "Online"]
[Date "2020.05.19"]
[Round "1.2"]
[White "Aronian, Levon"]
[Black "Firouzja, Alireza"]
[Result "1-0"]
[WhiteElo "2778"]
[BlackElo "2703"]
[EventDate "2020.??.??"]
[Annotator "Bojkov,Dejan"]
[PlyCount "101"]
[Beauty "6945364781102"]
[EventType "rapid"]

1.d4 Nf6 2.Nf3 d5 3.e3 e6 4.Nbd2 c5 5.b3 Bd6 6.Bb2 O-O 7.Bd3 Nc6 8.O-O Qc7 ( {Another to way to develop is} 8...b6 9.dxc5 Bxc5 10.c4 dxc4 11.Nxc4 Bb7 12.Qe2 Qe7 13.Ng5 Rfd8 14.Bxf6 Qxf6 15.Bxh7+ Kf8 {as in Wojtaszek,R (2749)-Ganguly,S (2668) Doha 2016} ) 9.c4 cxd4 10.exd4 Bd7 ( {Judging by the course of the game, it probably made sense to consider} 10...b6 $5 {when Black is heading for a position with hanging white pawns on c4 and d4.} ) 11.Re1 Rfd8 $146 ( {An earlier game witnessed a quick draw after} 11...Rad8 12.c5 Bf4 13.g3 Bh6 14.a3 {1/2-1/2 (14) Huber,F (2007)-Khamenya,V (1770) Bayerisch Eisenstein 2018} ) 12.c5 {That is the thing, Aronian seizes loads of space on the queenside.} 12...Bf4 {Black is trying to keep his bishop as active as he can.} ( 12...Be7 13.Ne5 {is better for White as well.} ) 13.g3 Bh6 14.a3 g6 {After somewhat weakening the enemy kingside, Firouzja fianchettoes his bishop.} ( {He could have slowed down White a bit with} 14...a5 15.Qe2 {although this should not change the assessment of the position as favorable for White.} ) 15.b4 Bg7 16.Rc1 ( {Also good was the immediate} 16.b5 Ne7 17.Ne5 a6 18.a4 ) 16...Rac8 17.b5 Ne7 18.a4 {White's queenside play is strong and easygoing.} ( 18.Ne5 $5 ) 18...Be8 19.Rc2 {However, somewhere around here Aronian starts to over-maneuver.} ( {Better was} 19.Bc3 Nf5 20.Nb3 {intending Bc3-a5 in order to soften the enemy queenside and find more objects to attack there.} ) 19...Nf5 20.Qe2 Qb8 21.Bc3 h5 $1 {Firouzja, on his turn, does everything that he can to generate play on the opposite wing.} 22.Ra1 {Too slow.} ( {Both} 22.Ba5 b6 23.Bb4 ) ( {And the prophylactic} 22.h4 Ng4 23.Nb3 {keep White's edge.} ) 22...h4 23.a5 hxg3 24.hxg3 Nh5 {Now that White's kingside is weaker, Aronian has to be careful.} 25.Nf1 $1 {As he is!} ( {Something straightforward like} 25.a6 {would have already allowed the dangerous sacrifice} 25...bxa6 26.Rxa6 Nfxg3 $1 27.fxg3 Qxg3+ 28.Qg2 Qxg2+ 29.Kxg2 Nf4+ {although even here White's queenside pawn majority might remain the key factor of the position.} ) 25...Nf6 26.Rb1 ( {It seems Aronian was wary of the line} 26.a6 Ne4 27.Bxe4 ( {although} 27.Bb2 $1 {would have kept things under control for the first player.} ) 27...dxe4 28.Qxe4 bxa6 ) 26...Ne4 $1 {Brilliant play by the young Iranian! He finds counterplay almost out of nowhere.} 27.Bxe4 {This plays into Black's hands.} ( {The cool} 27.Ba1 $1 {was still preferable.} ) 27...dxe4 28.Qxe4 a6 $1 {The point behind the first pawn sacrifice.} 29.bxa6 Bc6 {Suddenly, the slumber is over for the bishop and the black pieces are ready to follow his lead.} 30.Qe2 Qa8 $1 {Very nice! Black is fully prepared for counter-attack. It all happens so fast.} 31.Ne3 ( {Aronian could not adopt to the sudden change fast enough. Stronger was} 31.Rb6 $1 bxa6 32.Rxa6 Qb7 ( {In the endgame after} 32...Bxf3 33.Rxa8 Bxe2 34.Rxc8 Rxc8 35.Rxe2 Bxd4 36.Bxd4 Nxd4 37.Ra2 Rxc5 {Black still needs to fight for the draw because of the strong outside passer.} ) 33.Rb6 Qa8 ( {Here the endgame is even less appealing for Black:} 33...Bxf3 34.Rxb7 Bxe2 35.Rxe2 Bxd4 36.Bxd4 Nxd4 37.Ra2 {as the outside passer has even more supporters.} ) 34.N1h2 {would have been a stronger defense for White.} ) 31...bxa6 32.d5 $1 {The only defense which at least trades some important black attackers.} ( {Instead:} 32.Nh2 $2 Nxd4 {is devastating for White.} ) 32...Nxe3 $1 {Firouzja is on fire and does not want to let his opponent get away easily.} ( {One of the points behind Aronian's sacrifice is revealed in the line} 32...Bxd5 33.Nxd5 Qxd5 34.Bxg7 Kxg7 35.c6 Rxc6 36.Rxc6 Qxc6 37.Rb6 Qc5 38.Qe5+ Qxe5 39.Nxe5 Rd6 40.Nc4 {and White is safe thanks to his active pieces.} ) 33.Qxe3 Rxd5 ( {Another point behind the sacrifice is} 33...Bxd5 34.Bxg7 Kxg7 35.Nd2 Rh8 36.f3 {when White defends.} ) 34.Bxg7 Rh5 {Black is instantly bringing one more piece into the attack, threatening mate in the process, but this is inaccurate!} ( {Stronger was the simple} 34...Kxg7 $1 35.Qc3+ Kg8 {with a growing attack.} ) 35.Nh2 {And Aronian replies a-tempo, missing a fantastic opportunity.} ( {The unbelievable} 35.g4 $3 Rh3 ( {After} 35...Rh7 36.Bh6 $1 {White shuts the enemy rook in.} ) ( {Probably best is} 35...Bxf3 36.gxh5 Qe4 $1 ( {Not:} 36...Kxg7 {when a third point behind Aronian's early d4-d5 sacrifice is revealed:} 37.c6 $1 Bxc6 38.Qe5+ f6 39.Qxe6 {Wins for the first player as the black pieces lack coordination:} 39...Bh1 40.h6+ $1 Kxh6 41.Qh3+ Kg7 42.Rxc8 ) 37.Qxe4 Bxe4 38.Be5 Bxc2 39.Rb6 {and Black has to fight hard to prove the draw.} ) 36.Kg2 $3 Rxf3 37.Qh6 $1 {would have won for White as despite the many discovered check opportunities Black cannot win anything substantial. And:} 37...f6 38.Kg1 $1 {is a winning attack but for the first player.} ) 35...Kxg7 36.f3 Rch8 37.Rb6 Qd8 {Now Firouzja's attack is running by itself.} 38.Rd2 ( {Stronger was} 38.Qc3+ $1 e5 39.Rd2 Qf6 {when White at least shut the long diagonal for the black queen.} ) 38...Qf6 39.Rbb2 Rh3 ( {There was a pleasant choice:} 39...Re5 40.Qf4 Rf5 41.Qd4 Qxd4+ 42.Rxd4 Rxc5 {with a solid extra pawn in the endgame.} ) 40.f4 R8h5 41.Ng4 Rh1+ 42.Kf2 {The culmination of the attack coincided with the most severe time-trouble.} 42...g5 {Obvious...} ( {However, the compvine [computer-fine]:} 42...R5h4 $3 {would have crowned Firouzja's efforts instead. The knight is hanging, but there is nothing White can do about it:} 43.Nxf6 ( {Whereas} 43.gxh4 {loses due to the forcing} 43...Qxh4+ 44.Qg3 Rf1+ 45.Kxf1 Qxg3 ) 43...R4h2# ) 43.Qe5 $1 {Aronian can breath again!} 43...Qxe5 44.Nxe5 Bd5 ( {Although Black still had excellent winning chances after} 44...Bb5 $1 45.c6 Rc1 ) 45.Ke3 R5h3 ( {Better was the preliminary} 45...gxf4+ 46.gxf4 f6 ( {Or} 46...R1h3+ {when Black is calling the shots once more.} ) ) 46.Kd4 Rxg3 ( {Missing the last chance for} 46...f6 $1 ) 47.c6 {Now it all changes quickly back into White's favor.} 47...f6 48.Rb7+ $1 ( {But not} 48.c7 $2 fxe5+ 49.Kxe5 Rc3 50.Rbc2 Rc1 {that wins for Black.} ) 48...Kh6 49.fxg5+ fxg5 ( {Black also loses after} 49...Kxg5 50.Rg7+ Kh4 51.Ng6+ ) 50.Kc5 Re3 {A blunder, but Black was already lost anyway.} ( {If} 50...g4 51.Kd6 {and Black needs to give up his bishop.} ) 51.Ng4+ 1-0

[Event "Lindores Abbey Rapid Challenge"]
[Site "Online"]
[Date "2020.05.21"]
[Round "10.5"]
[White "Nakamura, Hikaru"]
[Black "Duda, Jan Krzysztof"]
[Result "1-0"]
[WhiteElo "2829"]
[BlackElo "2774"]
[EventDate "2020.??.??"]
[Annotator "Bojkov,Dejan"]
[PlyCount "79"]
[Beauty "7699131566113"]
[EventType "rapid"]

1.e4 c5 2.Nf3 d6 3.Bb5+ Nd7 4.Ba4 ( {As you'll remember, the world champion tackled a different version of the line a week ago:} 4.c3 Nf6 5.Qe2 a6 6.Ba4 b5 7.Bc2 Bb7 8.O-O g6 9.d4 Bg7 10.b3 O-O 11.Bb2 e5 12.d5 Nh5 13.g3 {in the game Carlsen,M (2863)-Grischuk,A (2777) chess24.com INT 2020 that was annotated for Chess.com members.} ) 4...Nf6 5.O-O a6 6.c4 g6 7.Nc3 Bg7 8.h3 O-O 9.d3 Rb8 10.Rb1 Qa5 $146 {This does not really prepare b7-b5.} ( {An earlier game saw instead the Botvinnik maneuver} 10...Ne8 {intending Ne8-c7-e6 in order to occupy the d4-square. Then} 11.Bg5 h6 12.Be3 Nc7 13.Qd2 Kh7 14.b4 b5 15.cxb5 axb5 16.Bc2 e5 17.Nh2 {was pleasant for Black in Liang,A (2575)-Lobanov,S (2535) Manavgat 2018} ) 11.Bd2 Qc7 12.a3 ( {The immediate} 12.b4 {is possible as well but White might have disliked:} 12...cxb4 13.Rxb4 Nc5 14.Bc2 e5 ) 12...e6 13.b4 b6 14.bxc5 bxc5 ( {After} 14...dxc5 {White can prepare kingside play with either} 15.Ne2 ( {or} 15.Qc2 ) ) ( {With another loss of a tempo} 14...Nxc5 {looks less appealing for Black:} 15.Bc2 e5 16.Nh2 {followed by f2-f4.} ) 15.Qc2 Nb6 16.Bb3 Nfd7 {Duda is preparing for the queenside battle.} ( {The natural} 16...Bd7 {looks somewhat simpler, intending to meet} 17.Na4 {with either} 17...Bc6 ( {or the tricky} 17...Nc8 ) 18.Ba5 Nfd7 {not fearing the temporary pin.} ) 17.Na4 Na8 $5 {A curious idea to leave the white pieces stepping on each other's toes at the a4-point.} ( {In case of} 17...Nxa4 {White can play for the advantage with} 18.Bxa4 Bb7 19.Bxd7 Qxd7 20.Bc3 ) 18.Bc3 Bxc3 ( {Or} 18...Bb7 19.Rb2 ) 19.Nxc3 Nab6 20.Qd2 Bb7 {Not the only way to play it.} ( {After the swap of the dark-squared bishops, it makes sense for Black to place more pawns on that color with} 20...e5 {But this is not optimal yet due to} 21.Qh6 f6 22.Nh2 {with both Nh2-g4 and f2-f4 coming.} ) ( {More sound is to reroute the knight first towards the juicy outposts:} 20...Ne5 $5 21.Nh2 Nc6 ) 21.Qh6 {White's play is somewhat easier as he is obviously going to attack on the kingside due to the weakened dark squares there.} 21...Rfd8 ( {Perhaps the rook was more useful on the e-file in the line} 21...Rfe8 $5 22.Ng5 Nf8 23.f4 f6 24.Nf3 f5 ) 22.Ng5 Nf8 23.f4 f6 24.Nf3 Bc6 {Once more Duda had plenty of choices.} ( 24...f5 $5 ) ( 24...Qg7 {will be naturally met with} 25.Qh4 ) ( {or} 24...Nbd7 $5 25.Ba4 {in all cases with complex play ahead.} ) 25.Qh4 Qg7 {The queen was well placed where it was.} ( {The other defense of the pawn deserved more attention:} 25...Nbd7 {followed by Qc7-a5 with counterplay on the queenside.} ) 26.Rfe1 Rd7 {Black loses coordination for a short moment, and this could have been costly.} ( 26...f5 $5 ) ( {or} 26...Nbd7 {were both more to the point.} ) 27.Qf2 ( {Nakamura could have punished his opponent with} 27.d4 $1 {when White seizes more space and the initiative since Duda cannot prevent the pawn from going forward:} 27...cxd4 28.Nxd4 Ba8 29.c5 $1 {is awkward for the second player.} ) 27...Rdb7 28.Ba2 f5 29.d4 fxe4 ( {After the accurate} 29...Bxe4 $1 30.Nxe4 fxe4 31.Rxe4 Na4 {it is still anyone's game.} ) 30.Nxe4 Na4 {Only this is a mistake.} ( 30...Bxe4 {could have transposed to the line from above.} ) 31.Rxb7 Rxb7 ( 31...Bxb7 32.d5 {is also bad for Black.} ) 32.d5 $1 {Black must have missed this. This is the point: one can hardly afford missing things when the king is not safe!} 32...Rb2 ( {White's attack is decisive after} 32...exd5 33.cxd5 Bd7 34.Qh4 ) 33.Qh4 exd5 ( {There is nothing for Black left in the line} 33...Rxa2 34.Nf6+ Kh8 35.dxc6 ) 34.Nf6+ Kh8 35.cxd5 Bb5 36.Bc4 $1 {A nice touch! Nakamura clears the e8-square for his rook.} 36...Bxc4 37.Re8 {With the obvious threat of a capture on f8.} 37...h5 38.Nd7 {White regains the piece and keeps the devastating attack running.} 38...Bxd5 39.Rxf8+ Bg8 40.Qd8 1-0